00872cam a2200253 a 45000010008000000030012000080050017000200080041000370100017000780200015000950400022001100500023001320820018001551000019001732450098001922600033002903000041003235000020003646500050003849060045004349420012004799990017004919520110005081613705NUST - PNEC20170116181126.0950206s1995 nyua f 001 0 eng  a 95001234  a0517056801 aDLCcLIBRARYdDLC00aNK2115b.W155 199500a745.4 HAB2201 aHabitat91370514aThe complete home decorator :A practical guide to decorating every room in your homecHabitat aNew York :bRizzoli,cc.1991 a256 p. :bill. (some col.) ;c27 cm. aIncludes index. 0aInterior decorationxHandbooks, manuals, etc. a7bcbccorignewd1eocipf19gy-gencatlg 2ddccBK c69764d69764 00102ddc4070aPNECbPNECcWING-Bd0000-00-00l0o745.4 HABpPNECLIB-017393r2015-10-05w0000-00-00yBK